| 000 | 01041cam a22003253a 4500 | ||
|---|---|---|---|
| 001 | 9990 | ||
| 003 | PGUSA | ||
| 005 | 20140828083218.0 | ||
| 008 | 060201s2006||||xxu|||||s|||||000 1 eng d | ||
| 040 |
_aPGUSA _beng |
||
| 042 | _adc | ||
| 050 | 4 | _aPZ | |
| 100 | 1 |
_aAlger, Horatio, _d1832-1899 |
|
| 245 | 1 | 0 |
_aBrave and Bold : _bOr, The Fortunes of Robert Rushton _h[electronic resource] / _cHoratio Alger |
| 260 |
_bProject Gutenberg, _c2006 |
||
| 506 | _aPublic domain in the USA. | ||
| 516 | _aElectronic text | ||
| 653 | _aMissing persons -- Juvenile fiction | ||
| 653 | _aYoung men -- Juvenile fiction | ||
| 653 | _aConduct of life -- Juvenile fiction | ||
| 653 | _aIndia -- Juvenile fiction | ||
| 653 | _aFortune -- Juvenile fiction | ||
| 653 | _aSuccess -- Juvenile fiction | ||
| 653 | _aOcean travel -- Juvenile fiction | ||
| 653 | _aAdventure stories | ||
| 653 | _aSwindlers and swindling -- Juvenile fiction | ||
| 830 | 0 |
_aProject Gutenberg _v9990 |
|
| 856 | 4 | 0 | _uhttp://www.gutenberg.org/ebooks/9990 |
| 942 | _cEB | ||
| 999 |
_c239246 _d239246 |
||